000 00847nam a2200253 a 4500
001 1543
003 BR-CuiBMT
005 20231214220731.0
008 231213s2014 dfba 000 0 por d
040 _aBR-CuiBMT
_cBR-CuiBMT
080 _a35-047.37
_22007
090 _a35-047.37
_bP474
245 0 0 _aPesquisa sobre burocratas de médio escalão do governo federal :
_bresultados do survey /
_c[autores Alessandro de Oliveira Gouveia Freire ... et al.].
260 _aBrasília :
_bENAP ;
_c2014.
300 _a102 p. :
_bil. ;
_c30 cm
490 1 _aCadernos ENAP ;
_v39
504 _aInclui bibliografia.
650 _aAdministração pública
_xGestão
650 _aPerfil profissional
650 _aAgente público
700 1 _aFreire, Alessandro de Oliveira Gouveia
_eet al.
_4autores
830 _aCadernos ENAP ;
_v39
942 _2udc
_cLV
999 _c1543
_d1543